Propuesta del Modelo Organizacional en la Pequeña Empresa Manufacturera Metropolitana de Calzado S.A (MECALSA) León-Nicaragua
El estudio presenta la propuesta de un modelo organizacional donde se formuló la misión y visión de la Empresa, se determinó la estructura organizacional a través de un organigrama, en el que se identifica la división del trabajo, la gerencia y subordinados, etc. Contempla el manual de funcion...
| Main Authors: | , |
|---|---|
| Other Authors: | |
| Format: | Tesis Section = Libro |
| Language: | Undetermined Spanish |
| Published: |
Managua
UNI
2003
|
| Subjects: |
| LEADER | 01296nam a2200253Ia 4500 | ||
|---|---|---|---|
| 008 | 240830s9999 xx 000 0 und d | ||
| 040 | |a BIBLIOTECA-RUPAP T.Mon 658.4 M385 | ||
| 041 | |a spa | ||
| 082 | |a T.Mon 658.4 M385 | ||
| 100 | 1 | |a Martínez Espinoza, Dolores del Socorro | |
| 100 | 1 | |b Vanegas Osorio, Gladys Isabel | |
| 245 | 1 | 0 | |a Propuesta del Modelo Organizacional en la Pequeña Empresa Manufacturera Metropolitana de Calzado S.A (MECALSA) León-Nicaragua |
| 260 | |a Managua |b UNI |c 2003 | ||
| 300 | |a 92 p. :il. | ||
| 500 | |a Contiene: anexos y glosarios. | ||
| 502 | |a Tesis (Ingeniero de Sistemas)- UNI, 2003. | ||
| 520 | 3 | |a El estudio presenta la propuesta de un modelo organizacional donde se formuló la misión y visión de la Empresa, se determinó la estructura organizacional a través de un organigrama, en el que se identifica la división del trabajo, la gerencia y subordinados, etc. Contempla el manual de funciones que va en correspondencia con la estructura organizacional. Además del diseño de transformación, conclusiones y recomendaciones del estudio. | |
| 650 | 7 | |a PRINCIPIOS DE ADMINISTRACION | |
| 650 | 7 | |b MODELO ORGANIZACIONAL-MECALSA | |
| 650 | 7 | |c ORGANIZACION-ADMINISTRACION. | |
| 700 | 1 | |a Tutor: | |
| 942 | |c BK |2 ddc | ||
| 991 | |a TESIS | ||
| 999 | |c 18547 | ||